000 00789cam a2200253 4500
001 19545
005 20230410121045.0
008 060907s2000 bl por
020 _a8522503141
035 _9funglode19696
041 _apor
050 1 4 _aJL 2429
_bC825 2000
082 0 0 _a320.981
245 0 0 _aCorrupcao e reforma política no Brasil :
_bo impacto do impeachment de Collor /
_cKeith S. Rosenn e Richard Downes (organizadores)
260 _aRio de Janeiro :
_bEditora FGV,
_c2000
300 _a237 p.
650 4 _aCorrupción política
_zBrasil.
651 4 _aBrasil
_xPolítica y gobierno
650 0 _aPolitical corruption
_zBrazil.
651 0 _aBrazil
_xPolitics and government.
700 1 _aRosenn, Keith S.
700 1 _aDownes, Richard
942 _2lcc
_cbk
999 _c57087
_d57087